000 00928 a2200265 4500
005 20190916083628.0
008 190916s2007 fr a|||fr|||| 001 0 fre d
020 _a9782228901970
040 _aCO-BoUCM
_bspa
_cSaul Niño
_dSaul Niño
041 0 _afre
060 _aBF173
100 1 _aMaleval Jean-Claude
_966146
245 1 0 _aFolies hystériques et psychoses dissociatives
_cJean -Claude Maleval ; traducción por Jorge Piatigorsky
260 _aParis
_bPayot
_c2007
300 _a315 páginas
_bilustraciones
500 _a[Título en español] Locuras histéricas y psicosis disociativas
546 _aTexto en francés
650 7 _922781
_aPsicoanálisis
650 7 _916914
_aHisteria
650 7 _922870
_aPsicosis
650 7 _98001
_aPsicología
765 _tFolies hystériques et psychoses dissociatives
942 _cLIBRO
_2DEWEY
_a9
_e1
_h150.1952
_mM248l
999 _c315295
_d315295